30 odas selectas de Horacio

Salvato in:
Dettagli Bibliografici
Autore principale: Torner Soler, Román
Natura: Libro
Lingua:Undetermined
Pubblicazione: Barcelona, España Bosch 1942
Soggetti:
Tags: Aggiungi Tag
Nessun Tag, puoi essere il primo ad aggiungerne!!

MARC

LEADER 00000nam a2200000Ia 4500
008 170316s9999 xx 000 0 und d
040 |a cru BVZT 
090 |a 870 T-4o 
100 |a Torner Soler, Román 
245 |a 30 odas selectas de Horacio 
260 |a Barcelona, España 
260 |b Bosch 
260 |c 1942 
300 |a 151 páginas 
650 |a LITERATURA LATINA 
999 |c 11809  |d 11809 
942 |c 15 D  |h 870 T-4o  |2 z